<?xml version="1.0" encoding="UTF-8"?>
<record
    xmlns:xsi="http://www.w3.org/2001/XMLSchema-instance"
    xsi:schemaLocation="http://www.loc.gov/MARC21/slim http://www.loc.gov/standards/marcxml/schema/MARC21slim.xsd"
    xmlns="http://www.loc.gov/MARC21/slim">

  <leader>00466nam a22001697a 4500</leader>
  <datafield tag="999" ind1=" " ind2=" ">
    <subfield code="c">172430</subfield>
    <subfield code="d">172430</subfield>
  </datafield>
  <controlfield tag="005">20200205123730.0</controlfield>
  <datafield tag="010" ind1=" " ind2=" ">
    <subfield code="a">174846</subfield>
  </datafield>
  <datafield tag="035" ind1=" " ind2=" ">
    <subfield code="a">174846</subfield>
  </datafield>
  <datafield tag="037" ind1=" " ind2=" ">
    <subfield code="b">BPPD/Pub.</subfield>
  </datafield>
  <datafield tag="082" ind1=" " ind2=" ">
    <subfield code="a">848</subfield>
  </datafield>
  <datafield tag="100" ind1=" " ind2=" ">
    <subfield code="a">&#x646;&#x638;&#x627;&#x645; &#x634;&#x627;&#x6C1;</subfield>
  </datafield>
  <datafield tag="245" ind1=" " ind2=" ">
    <subfield code="a">&#x62D;&#x6A9;&#x627;&#x6CC;&#x627;&#x62A; &#x631;&#x648;&#x645;&#x6CC; /</subfield>
    <subfield code="c">&#x646;&#x638;&#x627;&#x645; &#x634;&#x627;&#x6C1;</subfield>
  </datafield>
  <datafield tag="246" ind1=" " ind2=" ">
    <subfield code="a">Haqayat Romi (Urdu) /</subfield>
    <subfield code="b">by Nizam Shah</subfield>
  </datafield>
  <datafield tag="260" ind1=" " ind2=" ">
    <subfield code="a">Delhi</subfield>
    <subfield code="b">Anjuman Taraqqi Urdu</subfield>
    <subfield code="c">1945 &#x621; </subfield>
  </datafield>
  <datafield tag="300" ind1=" " ind2=" ">
    <subfield code="a">238p.</subfield>
    <subfield code="c">21cm(Hb)</subfield>
  </datafield>
  <datafield tag="942" ind1=" " ind2=" ">
    <subfield code="2">ddc</subfield>
    <subfield code="c">UR</subfield>
    <subfield code="h">848</subfield>
    <subfield code="m">&#x646; &#x638; &#x627;</subfield>
  </datafield>
  <datafield tag="952" ind1=" " ind2=" ">
    <subfield code="0">0</subfield>
    <subfield code="1">0</subfield>
    <subfield code="4">0</subfield>
    <subfield code="7">0</subfield>
    <subfield code="8">NFIC</subfield>
    <subfield code="a">L</subfield>
    <subfield code="b">L</subfield>
    <subfield code="d">2020-02-05</subfield>
    <subfield code="e">BPPD/Ven.</subfield>
    <subfield code="l">0</subfield>
    <subfield code="o">848 &#x646; &#x638; &#x627;</subfield>
    <subfield code="p">174846</subfield>
    <subfield code="r">2020-02-05 00:00:00</subfield>
    <subfield code="t">1</subfield>
    <subfield code="w">2020-02-05</subfield>
    <subfield code="y">UR</subfield>
  </datafield>
</record>
